Family web : (Record no. 130491)

MARC details
000 -LEADER
fixed length control field 00623nam a22002417a 4500
005 - DATE AND TIME OF LATEST TRANSACTION
control field 20170124110112.0
010 ## - LIBRARY OF CONGRESS CONTROL NUMBER
LC control number 941059
020 ## - INTERNATIONAL STANDARD BOOK NUMBER
Terms of availability 00.00
035 ## - SYSTEM CONTROL NUMBER
System control number 850127
037 ## - SOURCE OF ACQUISITION
Source of stock number/acquisition Cen Lib/Ret
040 ## - CATALOGING SOURCE
Original cataloging agency DPL
Language of cataloging EN
082 ## - DEWEY DECIMAL CLASSIFICATION NUMBER
Classification number S
Item number HOB
100 ## - MAIN ENTRY--PERSONAL NAME
Personal name Hobson, Sarah
9 (RLIN) 29342
245 ## - TITLE STATEMENT
Title Family web :
Statement of responsibility, etc by Sarah Hobson
Remainder of title a story of India /
260 ## - PUBLICATION, DISTRIBUTION, ETC. (IMPRINT)
Place of publication, distribution, etc London
Name of publisher, distributor, etc John murray
Date of publication, distribution, etc 1978
270 ## - ADDRESS
City London
Address 50 Albemarle street
300 ## - PHYSICAL DESCRIPTION
Extent xvii,284p.
Dimensions 20cm(Hb)
500 ## - GENERAL NOTE
General note Includes glossary
650 ## - SUBJECT ADDED ENTRY--TOPICAL TERM
Topical term or geographic name as entry element Indian literature
9 (RLIN) 29343
650 ## - SUBJECT ADDED ENTRY--TOPICAL TERM
Topical term or geographic name as entry element Novel
9 (RLIN) 22513
700 ## - ADDED ENTRY--PERSONAL NAME
9 (RLIN) 29201
942 ## - ADDED ENTRY ELEMENTS (KOHA)
Source of classification or shelving scheme Dewey Decimal Classification
Koha item type English Books
Classification part S
Call number suffix HOB
Holdings
Withdrawn status Lost status Damaged status Not for loan Home library Current library Date acquired Source of acquisition Cost, normal purchase price Total Checkouts Full call number Barcode Date last seen Copy number Cost, replacement price Price effective from Koha item type
        Central Library Central Library 09/07/2015 Cen Lib/Ret 0.00   S HOB 941059 09/07/2015 1 0.00 09/07/2015 English Books

© Delhi Public Library
Hit Counter
free hit counter